1434 1560 1538 1795 1122 1640 1542 1001 1816 1854 1669 1260 1762 1056 1499 1140 1540 1257 1841 1619 1862 1245 1884 1032 1399 1581 1291 1740 1020 1579 1164 1452 1420 1782 1762 1223 1660 1028 1716 1242 1947 1183 1666 1290 1720 1205 1589 1587 1367 1269 1771 1754 1962 1974 1842 1793 1039 1025 1899 1391 1185 1502 1254 1784 1459 1751 1546 1659 1285 1185 1848 1916 1953 1592 1258 1470 1579 1217 1061 1454 1053 1749 1710 1107 1040 1122 1269 1775 1981 1073 1350 1682 1514 1762 1900 1095 1421 1552 1251 BCNSPRNW ULIB Ver.6.0+V

เปลี่ยนเป็นภาษาไทย

Change to English
 แสดงรายละเอียดบรรณานุกรม
  กลับหน้าหลัก

Brief Record : Get Marc (ISO 2709) : E-mail record : QR code < ปิดหน้าต่าง
LEADER : 00000nam 2200000uu 4500
001    13399115178
003     ULIB
008    120718s2551||||th 000 0 tha d
020    ^a9789740921547
060 04 ^aWM105^bป525 2551
245 10 ^aปัญหาจิต ปัญหาใจ ปัญหาเด็ก--เด็ก--ปัญหาผู้ใหญ่แก้ไขได้ด้วยตัวคุณ / ^cคณะแพทยศาสตร์ จุฬาลงกรณ์มหาวิทยาลัย ; บรรณาธิการ ภุชงค์ เหล่ารุจิสวัสดิ์... [และคนอื่นๆ]
246 30 ^aปัญหาจิต ปัญหาใจปัญหาเด็ก..เด็ก..ปัญหาผู้ใหญ่แก้ไขได้ด้วยตัวคุณ
250    ^aพิมพ์ครั้งที่ 2
260    ^aกรุงเทพฯ :^bสรรพสาร,^c2551
300    ^a102 หน้า :^bภาพประกอบ ;^c21 ซม.
440  0 ^aความรู้ทางการแพทย์สู่ประชาชน
650  7 ^aสุขภาพจิต ^xรวมเรื่อง
650  7 ^aสุขภาพจิต ^xในวัยเด็ก
650  7 ^aสุขภาพจิต ^xในวัยผู้ใหญ่
700 0  ^aภุชงค์ เหล่ารุจิสวัสดิ์,^eบรรณาธิการ
710 2  ^aจุฬาลงกรณ์มหาวิทยาลัย^bคณะแพทยศาสตร์
945    ^p90^l0^i16151
995    ^aกัณชพร
999    ^aใช้งานได้ทุกระบบ
รายการนี้ยังไม่มีแท็ก
คุณยังไม่ได้ล็อกอิน คุณสามารถมีกิจกรรมร่วมกับเว็บไซต์ได้ แต่ต้องล็อกอินก่อน ::
  ล็อกอิน

รายการสื่อสารสนเทศ

ลำดับที่ ประเภท เลขเรียก/บาร์โค้ด สถานที่ สถานะ
1. วิทยาศาสตร์การแพทย์ และสุขภาพ
วิทยาศาสตร์การแพทย์ และสุขภาพ
WM105 ป525 2551  
  Barcode: 16151
ห้องสมุดวิทยาเขตสวรรค์ประชารักษ์
►ส่วนจัดเก็บหนังสือเก่า สปร
บนชั้น
  ขอยืม

BibComment


ยังไม่เคยถูกคอมเมนท์

คอมเมนท์ทรัพยากรรายการนี้
  คอมเมนท์: ปัญหาจิต ปัญหาใจ..


 Copyright 2026. Bcnsprnw @Library